[Event "XV Festival Conca della Presolana A"]
[Site "Bratto - Castione della Presolana ITA"]
[Date "1995.08.??"]
[Round "1"]
[White "Bascetta, Biagio"]
[Black "Pagnoncelli, Marco"]
[Result "1/2-1/2"]
[WhiteElo "1908"]
[BlackElo "2165"]
[PlyCount "74"]
[EventDate "1995.08.21"]

1.d4 Nf6 2.Bg5 g6 3.Bxf6 exf6 4.e3 Bg7 5.Nf3 d6 6.Bd3 f5 7.c3 Nd7 8.Nbd2 
Nf6 9.Qc2 O-O 10.O-O b6 11.c4 c5 12.d5 b5 13.Rad1 bxc4 14.Bxc4 Rb8 15.b3 
Re8 16.Rfe1 Ne4 17.Nxe4 fxe4 18.Nd2 Qh4 19.g3 Qe7 20.Be2 Bh3 21.Nc4 h5 22.
Bf1 Bg4 23.Be2 Bd7 24.Bf1 h4 25.Bg2 Bb5 26.Rb1 f5 27.Qd1 Qc7 28.Rc1 Bxc4 
29.Rxc4 Rb4 30.g4 Qf7 31.f3 Re5 32.fxe4 fxe4 33.Rxb4 cxb4 34.Qd2 Qb7 35.
Bf1 Kh7 36.Bc4 Rg5 37.Qg2 Re5 1/2-1/2

[Event "XV Festival Conca della Presolana A"]
[Site "Bratto - Castione della Presolana ITA"]
[Date "1995.08.??"]
[Round "1"]
[White "Bozzali, Ermanno"]
[Black "Piva, Giorgio"]
[Result "1/2-1/2"]
[WhiteElo "1947"]
[BlackElo "2190"]
[PlyCount "111"]
[EventDate "1995.08.21"]

1.e4 c5 2.Nf3 Nc6 3.d4 cxd4 4.Nxd4 g6 5.c4 Bg7 6.Be3 Nf6 7.Nc3 Ng4 8.Qxg4 
Nxd4 9.Qd1 e5 10.Nb5 O-O 11.Qd2 Qe7 12.Bd3 Nxb5 13.cxb5 d6 14.Qa5 Be6 15.
Rc1 b6 16.Qa3 f5 17.O-O Qf7 18.Rc6 fxe4 19.Bxe4 d5 20.Bc2 Rfe8 21.Rc1 Bf8 
22.Qa4 d4 23.Bd2 Rad8 24.Be4 Bd6 25.Bg5 Rd7 26.Qa6 Kg7 27.R6c2 Bd5 28.Bxd5
Qxd5 29.Rc8 Re6 30.Qa4 h6 31.Rd8 Be7 32.Rxd7 Qxd7 33.Bd2 Rf6 34.Qc4 Qf5 
35.Rf1 Rf7 36.f4 d3 37.Bc3 Bc5+ 38.Kh1 Kh7 39.Bxe5 Rd7 40.Rd1 d2 41.Qe2 
Qd3 42.Qxd3 Rxd3 43.a3 Be3 44.g4 g5 45.f5 Rd5 46.Bc3 Rxb5 47.Kg2 Rd5 48.
Kf3 Bf4 49.Ke4 Rd7 50.Bd4 Kg8 51.b3 Re7+ 52.Kd3 Rd7 53.Kc3 Rc7+ 54.Kd3 Rd7
55.Kc3 Rc7+ 56.Kd3 1/2-1/2

[Event "XV Festival Conca della Presolana A"]
[Site "Bratto - Castione della Presolana ITA"]
[Date "1995.08.??"]
[Round "1"]
[White "Campini, Marco"]
[Black "Bellini, Fabio"]
[Result "0-1"]
[WhiteElo "2066"]
[BlackElo "2350"]
[PlyCount "74"]
[EventDate "1995.08.21"]

1.e4 c5 2.Nf3 e6 3.d4 cxd4 4.Nxd4 Nf6 5.Nc3 d6 6.Bc4 Nc6 7.a4 Be7 8.O-O 
O-O 9.Nxc6 bxc6 10.a5 d5 11.Bd3 c5 12.e5 Nd7 13.f4 c4 14.Bxh7+ Kxh7 15.
Qh5+ Kg8 16.Rf3 f5 17.Rh3 Bc5+ 18.Kh1 Qe7 19.Bd2 Rb8 20.Rf1 d4 21.Rff3 Nf6
22.exf6 Qxf6 23.Na4 c3 24.Bc1 d3 25.Rxd3 cxb2 26.Qh7+ Kf7 27.Qh5+ Ke7 28.
Nxb2 Rxb2 29.Bxb2 Qxb2 30.Qg5+ Qf6 31.Qxf6+ Kxf6 32.Rhf3 Bb7 33.Rg3 Bd5 
34.c4 Bxc4 35.Rd7 Rb8 36.h4 Rb1+ 37.Kh2 Bg1+ 0-1

[Event "XV Festival Conca della Presolana A"]
[Site "Bratto - Castione della Presolana ITA"]
[Date "1995.08.??"]
[Round "1"]
[White "Contin, Daniel"]
[Black "Everet, Alexandro"]
[Result "1-0"]
[WhiteElo "2365"]
[BlackElo "2095"]
[PlyCount "47"]
[EventDate "1995.08.21"]

1.c4 e5 2.Nc3 Nf6 3.Nf3 d6 4.g3 Be7 5.Bg2 O-O 6.O-O c6 7.d4 Nbd7 8.e4 h6 
9.h3 Ne8 10.Be3 f6 11.Nh4 Rf7 12.f4 Qc7 13.Rc1 Nb6 14.b3 Bf8 15.a4 c5 16.
dxc5 dxc5 17.f5 Bd7 18.Ng6 Rd8 19.a5 Nc8 20.Nd5 Qd6 21.Qg4 Kh7 22.Rfd1 Bc6
23.Qh5 Rfd7 24.Nc3 1-0

[Event "XV Festival Conca della Presolana A"]
[Site "Bratto - Castione della Presolana ITA"]
[Date "1995.08.??"]
[Round "1"]
[White "De Barberis, Massimo"]
[Black "Nurkic, Sahbaz"]
[Result "0-1"]
[WhiteElo "2140"]
[BlackElo "2420"]
[PlyCount "38"]
[EventDate "1995.08.21"]

1.e4 g6 2.d4 Bg7 3.Nc3 c6 4.h3 d5 5.e5 Nh6 6.Nf3 O-O 7.Bf4 f6 8.Qd2 Nf7 9.
exf6 exf6 10.O-O-O b5 11.g4 a5 12.g5 fxg5 13.Nxg5 Nxg5 14.Bxg5 Qd6 15.Re1 
Ra7 16.Bxb5 Qb4 17.a3 Qxd4 18.Be3 Qxd2+ 19.Kxd2 d4 0-1

[Event "XV Festival Conca della Presolana A"]
[Site "Bratto - Castione della Presolana ITA"]
[Date "1995.08.??"]
[Round "1"]
[White "Fabbri, Mario"]
[Black "Giretti Kanev, Jasen"]
[Result "0-1"]
[WhiteElo "2210"]
[BlackElo "2063"]
[PlyCount "97"]
[EventDate "1995.08.21"]

1.d4 Nf6 2.Nc3 d5 3.f3 e6 4.Bg5 Be7 5.e3 h6 6.Bh4 O-O 7.Bf2 c5 8.g4 Nc6 9.
h4 Nh7 10.f4 cxd4 11.exd4 Bd6 12.Be3 Qb6 13.a3 e5 14.fxe5 Bxe5 15.Nxd5 
Qa5+ 16.Nb4 Nxb4 17.axb4 Qxb4+ 18.Kf2 Rd8 19.Qe1 Qxe1+ 20.Rxe1 Bxd4 21.
Bxd4 Rxd4 22.Re8+ Nf8 23.Nf3 Rf4 24.Be2 b6 25.Rd1 Bb7 26.Rxa8 Bxa8 27.Rd8 
Bc6 28.Ke3 Re4+ 29.Kd3 Rxg4 30.Ne5 Bb5+ 31.c4 Rg3+ 32.Kd4 Ba4 33.b3 f6 34.
Ng6 Rxg6 35.bxa4 Rg2 36.Ke3 Kf7 37.Ra8 a5 38.Ra7+ Ke6 39.Bf3 Rg1 40.Rb7 
Nd7 41.Bc6 Rg3+ 42.Kf4 Rd3 43.Bxd7+ Rxd7 44.Rxb6+ Rd6 45.c5 Rxb6 46.cxb6 
g5+ 47.Kg4 Kd6 48.h5 Kc6 49.Kf5 0-1

[Event "XV Festival Conca della Presolana A"]
[Site "Bratto - Castione della Presolana ITA"]
[Date "1995.08.??"]
[Round "1"]
[White "Fuggetta, Leonardo"]
[Black "Belotti, Bruno"]
[Result "0-1"]
[WhiteElo "2115"]
[BlackElo "2380"]
[PlyCount "40"]
[EventDate "1995.08.21"]

1.c4 e5 2.Nc3 Nc6 3.g3 g6 4.Bg2 Bg7 5.d3 Nf6 6.Nf3 O-O 7.O-O Re8 8.Rb1 d6 
9.b4 e4 10.Nxe4 Nxe4 11.dxe4 Rxe4 12.Nd2 Re8 13.e4 Be6 14.a3 a5 15.Qc2 
axb4 16.axb4 Qd7 17.Nf3 Bh3 18.Re1 Qg4 19.Bd2 Bxg2 20.Kxg2 Qxf3+ 0-1

[Event "XV Festival Conca della Presolana A"]
[Site "Bratto - Castione della Presolana ITA"]
[Date "1995.08.??"]
[Round "1"]
[White "Gardi, Giuseppe"]
[Black "Ciampi, Vincenzo"]
[Result "0-1"]
[WhiteElo "1902"]
[BlackElo "2160"]
[PlyCount "100"]
[EventDate "1995.08.21"]

1.d4 Nf6 2.Nf3 e6 3.e3 c5 4.Bd3 b6 5.Qe2 Bb7 6.O-O Be7 7.b3 O-O 8.Bb2 Nc6 
9.a3 cxd4 10.exd4 Qc7 11.c4 d5 12.Nbd2 Rad8 13.Rac1 Qf4 14.Rfe1 Bd6 15.Qe3
Qxe3 16.fxe3 Rc8 17.e4 Bf4 18.e5 dxc4 19.bxc4 Nd7 20.Rc2 Na5 21.Ne4 Bxe4 
22.Rxe4 Bh6 23.Ree2 Rfd8 24.g3 Nc5 25.Bxh7+ Kxh7 26.dxc5 Rxc5 27.Re4 Rd3 
28.Kf2 b5 29.g4 g6 30.g5 Bf8 31.Ke2 bxc4 32.Bc3 Rdd5 33.Bb4 Rc8 34.Bxa5 
Rxa5 35.Rcxc4 Rxc4 36.Rxc4 Rxa3 37.Rc7 Kg7 38.Nd4 Kg8 39.Rc8 Ra5 40.Nc6 
Ra2+ 41.Kf3 a5 42.Ra8 a4 43.Ke4 a3 44.Kd4 Rxh2 45.Kc3 Rh1 46.Kb3 Rh2 47.
Ne7+ Kg7 48.Ra7 Bxe7 49.Rxe7 Re2 50.Kxa3 Rxe5 0-1

[Event "XV Festival Conca della Presolana A"]
[Site "Bratto - Castione della Presolana ITA"]
[Date "1995.08.??"]
[Round "1"]
[White "Lupo, Alfredo"]
[Black "D'Apa, Stefano"]
[Result "0-1"]
[WhiteElo "1997"]
[BlackElo "2205"]
[PlyCount "88"]
[EventDate "1995.08.21"]

1.e4 e6 2.d4 d5 3.exd5 exd5 4.c4 Nf6 5.Nf3 Bb4+ 6.Nc3 O-O 7.a3 Ne4 8.Qb3 
Qe7 9.Be2 dxc4 10.Qxc4 Be6 11.Qd3 Bf5 12.Qc4 Re8 13.Ne5 Nc6 14.O-O Na5 15.
Qb5 Nxc3 16.bxc3 Bxc3 17.Be3 Bxa1 18.Qxa5 Bb2 19.Nc4 Bxd4 20.Qxf5 Bxe3 21.
Nxe3 Rad8 22.Rd1 g6 23.Qa5 b6 24.Qc3 Rxd1+ 25.Bxd1 c5 26.Ba4 Qe5 27.Qd3 
Re6 28.Bb3 Rd6 29.Qc4 Rd7 30.Qg4 Qd4 31.Qe2 Kg7 32.Ng4 h5 33.Ne3 f6 34.Qa6
Qd3 35.Qc8 Rd8 36.Qe6 Qd7 37.Qc4 Rc8 38.a4 Re8 39.Kh1 f5 40.Nd5 Qd6 41.Nf4
Kh6 42.h4 Re1+ 43.Kh2 Re4 44.Qc3 Qxf4+ 0-1

[Event "XV Festival Conca della Presolana A"]
[Site "Bratto - Castione della Presolana ITA"]
[Date "1995.08.??"]
[Round "1"]
[White "Magalotti, Andrea"]
[Black "Ferretti, Folco"]
[Result "0-1"]
[WhiteElo "2205"]
[BlackElo "2270"]
[PlyCount "88"]
[EventDate "1995.08.21"]

1.e4 e5 2.Nf3 Nc6 3.Bb5 a6 4.Ba4 Nf6 5.O-O b5 6.Bb3 Bb7 7.c3 Nxe4 8.d4 Na5
9.Bc2 exd4 10.Re1 d5 11.Nxd4 c5 12.f3 cxd4 13.fxe4 Be7 14.Qxd4 O-O 15.e5 
Re8 16.Nd2 Nc6 17.Qd3 Bc5+ 18.Kh1 Qh4 19.Nf3 Nxe5 20.Rxe5 Rxe5 21.Qxh7+ 
Qxh7 22.Bxh7+ Kxh7 23.Nxe5 d4 24.Bd2 dxc3 25.Bxc3 b4 26.Be1 Bd4 27.Nxf7 
Rf8 28.Ng5+ Kg6 29.h4 Rf1+ 30.Kh2 Bf2 31.Bxf2 Rxa1 32.g4 Rxa2 33.Bd4 Ra4 
34.Kg3 b3 35.Be3 Bc8 36.Bf4 a5 37.Nf3 Ra2 38.Ne5+ Kh7 39.Bc1 a4 40.g5 Ra1 
41.g6+ Kg8 42.Bd2 a3 43.Bc3 a2 44.Nc6 Rg1+ 0-1

[Event "XV Festival Conca della Presolana A"]
[Site "Bratto - Castione della Presolana ITA"]
[Date "1995.08.??"]
[Round "1"]
[White "Marchini, Massimo"]
[Black "Sgnaolin, Davide"]
[Result "1-0"]
[WhiteElo "2190"]
[BlackElo "1994"]
[PlyCount "53"]
[EventDate "1995.08.21"]

1.Nf3 d5 2.d4 e6 3.c4 c5 4.cxd5 exd5 5.Nc3 Nc6 6.g3 Nf6 7.Bg2 Be7 8.O-O 
O-O 9.Bg5 cxd4 10.Nxd4 h6 11.Be3 Re8 12.Rc1 Bg4 13.Qb3 Na5 14.Qc2 Nc4 15.
Bf4 Bc5 16.Rfd1 g5 17.Nxd5 Bxd4 18.Rxd4 Rc8 19.Rxc4 Nxd5 20.Rxc8 Qxc8 21.
Qd3 Qd7 22.Bxd5 gxf4 23.Qg6+ Kf8 24.Qxh6+ Kg8 25.Qg6+ Kf8 26.Bxf7 Qxf7 27.
Qxg4 1-0

[Event "XV Festival Conca della Presolana A"]
[Site "Bratto - Castione della Presolana ITA"]
[Date "1995.08.??"]
[Round "1"]
[White "Menoni, Vincenzo"]
[Black "Battaggia, Piergiorgio"]
[Result "1/2-1/2"]
[WhiteElo "2250"]
[BlackElo "2000"]
[PlyCount "52"]
[EventDate "1995.08.21"]

1.e4 c5 2.Nc3 Nc6 3.g3 g6 4.Bg2 Bg7 5.d3 e6 6.Be3 d6 7.Qd2 Nd4 8.Nd1 Ne7 
9.c3 Ndc6 10.Ne2 b6 11.O-O Ba6 12.f4 Rc8 13.f5 exf5 14.exf5 Nxf5 15.Rxf5 
gxf5 16.Nf4 O-O 17.Nh5 Re8 18.Bh6 Re2 19.Qxe2 Bxh6 20.Bxc6 Rxc6 21.Qf3 d5 
22.Qxf5 Bc8 23.Qf3 Re6 24.Nf2 Qe7 25.Rf1 Be3 26.Nf4 Bxf4 1/2-1/2

[Event "XV Festival Conca della Presolana A"]
[Site "Bratto - Castione della Presolana ITA"]
[Date "1995.08.??"]
[Round "1"]
[White "Righi, Ezio"]
[Black "Eynard, Valdo"]
[Result "1-0"]
[WhiteElo "2180"]
[BlackElo "1909"]
[PlyCount "57"]
[EventDate "1995.08.21"]

1.e4 c6 2.d4 d5 3.Nc3 dxe4 4.Nxe4 Nf6 5.Nxf6+ exf6 6.Nf3 Bd6 7.Bd3 O-O 8.
O-O Qc7 9.h3 Be6 10.c4 Rd8 11.Be3 Nd7 12.Rc1 Qa5 13.c5 Bb8 14.Qc2 Nf8 15.
Bc4 Qc7 16.Rfd1 Bd5 17.Qe2 Ng6 18.Bxd5 Rxd5 19.g3 Qd7 20.h4 Bc7 21.Ne1 Rd8
22.Nd3 Qh3 23.Qf1 Qg4 24.Qg2 f5 25.f4 R5d7 26.Rd2 Re8 27.Re1 Rxd4 28.Bxd4 
Rxe1+ 29.Nxe1 1-0

[Event "XV Festival Conca della Presolana A"]
[Site "Bratto - Castione della Presolana ITA"]
[Date "1995.08.??"]
[Round "1"]
[White "Rosino, Antonio"]
[Black "Soprano, Paolo"]
[Result "1-0"]
[WhiteElo "2320"]
[BlackElo "2049"]
[PlyCount "129"]
[EventDate "1995.08.21"]

1.e4 e6 2.d4 d5 3.Nc3 dxe4 4.Nxe4 Bd7 5.Nf3 Bc6 6.Bd3 Bxe4 7.Bxe4 c6 8.O-O
Nf6 9.Bd3 Bd6 10.Qe2 O-O 11.Bg5 Nbd7 12.Rad1 Re8 13.c3 Qc7 14.Rfe1 Nd5 15.
Qe4 N5f6 16.Qh4 h6 17.Bc1 Rad8 18.Bc2 e5 19.dxe5 Nxe5 20.Nd4 Ned7 21.Nf5 
Bf8 22.Bf4 Qa5 23.Qg3 Qxa2 24.Bb1 Rxe1+ 25.Rxe1 Re8 26.Qxg7+ Bxg7 27.Rxe8+
Nxe8 28.Bxa2 h5 29.Nh6+ Bxh6 30.Bxh6 Nc5 31.Kf1 a5 32.Ke2 Na4 33.Bc1 b5 
34.Kd3 Nd6 35.b3 Nb6 36.Kd4 Nd7 37.Bb1 Kf8 38.Bc2 Ke7 39.Bd1 c5+ 40.Kd5 c4
41.Ba3 Nf6+ 42.Kc6 Ne8 43.bxc4 b4 44.cxb4 Nxc4 45.Bc1 axb4 46.Kb5 Ne5 47.
Be2 b3 48.Kb4 Nc6+ 49.Kc3 Nd6 50.Bxh5 Ne4+ 51.Kxb3 Nxf2 52.Be3 Nd3 53.Kc4 
Nde5+ 54.Kd5 f6 55.Bc5+ Kd7 56.Bd1 Ne7+ 57.Ke4 Ke8 58.Ba4+ Kf7 59.Bb3+ Ke8
60.Be6 N5g6 61.Bd4 f5+ 62.Bxf5 Nxf5 63.Kxf5 Nh4+ 64.Kg5 Nxg2 65.Bf2 1-0

[Event "XV Festival Conca della Presolana A"]
[Site "Bratto - Castione della Presolana ITA"]
[Date "1995.08.??"]
[Round "2"]
[White "Battaggia, Piergiorgio"]
[Black "Barlocco, Carlo"]
[Result "0-1"]
[WhiteElo "2000"]
[BlackElo "2160"]
[PlyCount "66"]
[EventDate "1995.08.21"]

1.d4 d5 2.c4 e6 3.Nc3 Nf6 4.Nf3 Bb4 5.e3 c5 6.Bd3 Nc6 7.O-O cxd4 8.exd4 
dxc4 9.Bxc4 O-O 10.Bg5 Be7 11.a3 a6 12.Re1 b5 13.Ba2 Bb7 14.b4 Rc8 15.Rc1 
Nd5 16.Bxe7 Ncxe7 17.Ne4 Nf4 18.Rxc8 Qxc8 19.Nd6 Qc7 20.Nxb7 Qxb7 21.g3 
Nfd5 22.Ng5 h6 23.Ne4 Qc6 24.Qd2 Rc8 25.Nc5 Rd8 26.Qd3 Qb6 27.Re5 Nc6 28.
Re1 a5 29.bxa5 Qxa5 30.Rb1 Ndb4 31.Qb3 Ra8 32.axb4 Qxa2 33.Qd1 Nxd4 0-1

[Event "XV Festival Conca della Presolana A"]
[Site "Bratto - Castione della Presolana ITA"]
[Date "1995.08.??"]
[Round "2"]
[White "Bellini, Fabio"]
[Black "Rosino, Antonio"]
[Result "1/2-1/2"]
[WhiteElo "2350"]
[BlackElo "2320"]
[PlyCount "117"]
[EventDate "1995.08.21"]

1.e4 e5 2.Nf3 Nc6 3.Bc4 Bc5 4.c3 Nf6 5.d3 d6 6.O-O h6 7.Nbd2 a6 8.Bb3 O-O 
9.Re1 Ba7 10.Nc4 Be6 11.a4 Nd7 12.Be3 Bxe3 13.Nxe3 Bxb3 14.Qxb3 Nc5 15.Qc2
Ne6 16.a5 Nf4 17.g3 Nh3+ 18.Kg2 Ng5 19.Ng1 Ne6 20.Ne2 Qg5 21.Rf1 Nf4+ 22.
Nxf4 exf4 23.Nd5 fxg3 24.hxg3 Ne7 25.Ne3 f5 26.f4 Qh5 27.Qb3+ Kh8 28.Rf2 
Rab8 29.Qc4 Rbc8 30.Qb3 Rb8 31.Qc4 Rbc8 32.g4 fxg4 33.Rh1 Qf7 34.Qxf7 Rxf7
35.Nxg4 Ng6 36.Kg3 Rcf8 37.f5 Ne5 38.d4 Nxg4 39.Kxg4 Re7 40.Re1 Kg8 41.e5 
dxe5 42.dxe5 Rd8 43.e6 Rd5 44.b4 c5 45.Re4 Kf8 46.c4 Rd1 47.bxc5 Rc7 48.f6
Rg1+ 49.Kh3 gxf6 50.Rxf6+ Ke8 51.Kh2 Rgg7 52.Re5 Rh7 53.Kg3 h5 54.Ref5 h4+
55.Kh3 Rcg7 56.Rf4 Rg3+ 57.Kh2 Rgg7 58.Kh3 Rg3+ 59.Kh2 1/2-1/2

[Event "XV Festival Conca della Presolana A"]
[Site "Bratto - Castione della Presolana ITA"]
[Date "1995.08.??"]
[Round "2"]
[White "D'Apa, Stefano"]
[Black "Ciampi, Vincenzo"]
[Result "0-1"]
[WhiteElo "2205"]
[BlackElo "2160"]
[PlyCount "84"]
[EventDate "1995.08.21"]

1.e4 e5 2.Nf3 Nc6 3.Bb5 a6 4.Ba4 Nf6 5.O-O Nxe4 6.Re1 Nc5 7.Bxc6 bxc6 8.d4
Ne6 9.Nxe5 Be7 10.b3 O-O 11.Bb2 Bb7 12.c4 d6 13.Nf3 Bf6 14.Nc3 c5 15.Nd5 
Bxd5 16.cxd5 Nf4 17.Rb1 Nxd5 18.dxc5 dxc5 19.Bxf6 Nxf6 20.Qc2 Qd5 21.Re5 
Qb7 22.Rxc5 Rac8 23.Rc1 Rfd8 24.h3 Nd5 25.Ne5 Rd6 26.Qc4 Re8 27.f4 Ree6 
28.Kh2 g5 29.Nc6 Nxf4 30.Rxg5+ Ng6 31.Nd4 Re4 32.Rd1 Rf4 33.Qc3 Qe4 34.Rg4
Rxg4 35.hxg4 Qe5+ 36.g3 c5 37.Qf3 Rxd4 38.Rf1 Qe6 39.g5 Ne5 40.Qa8+ Kg7 
41.Rf6 Ng4+ 42.Kg2 Qe2+ 0-1

[Event "XV Festival Conca della Presolana A"]
[Site "Bratto - Castione della Presolana ITA"]
[Date "1995.08.??"]
[Round "2"]
[White "De Barberis, Massimo"]
[Black "Magalotti, Andrea"]
[Result "1/2-1/2"]
[WhiteElo "2140"]
[BlackElo "2205"]
[PlyCount "35"]
[EventDate "1995.08.21"]

1.e4 e5 2.Bc4 Nf6 3.Nc3 Nc6 4.d3 Be7 5.Nge2 O-O 6.O-O d6 7.h3 Be6 8.Bb3 d5
9.Ng3 Qd7 10.exd5 Nxd5 11.Nxd5 Bxd5 12.Bxd5 Qxd5 13.Nf5 Bf6 14.Qg4 Nd4 15.
Be3 Nxf5 16.Qxf5 Rad8 17.Rfe1 Rd6 18.Bd2 1/2-1/2

[Event "XV Festival Conca della Presolana A"]
[Site "Bratto - Castione della Presolana ITA"]
[Date "1995.08.??"]
[Round "2"]
[White "Everet, Alexandro"]
[Black "Lupo, Alfredo"]
[Result "1-0"]
[WhiteElo "2095"]
[BlackElo "1997"]
[PlyCount "67"]
[EventDate "1995.08.21"]

1.e4 e5 2.Nf3 Nf6 3.Nc3 Nc6 4.Bc4 Bc5 5.O-O d6 6.d3 Bg4 7.Be3 Nd4 8.Bxd4 
Bxd4 9.h3 Bh5 10.g4 Nxg4 11.hxg4 Bxg4 12.Kg2 h5 13.Rg1 c6 14.Qd2 Bxf3+ 15.
Kxf3 Qh4 16.Raf1 Rh6 17.Ke2 Rf6 18.Nd1 Rf4 19.Ne3 g6 20.c3 Bb6 21.Kd1 
O-O-O 22.Kc2 Qf6 23.b4 Rf3 24.Qe2 h4 25.b5 h3 26.bxc6 bxc6 27.Rg3 Rxg3 28.
fxg3 Qg5 29.Ng4 d5 30.exd5 f5 31.Qxe5 Qxg4 32.Ba6+ Kd7 33.Qe6+ Kc7 34.
Qxc6+ 1-0

[Event "XV Festival Conca della Presolana A"]
[Site "Bratto - Castione della Presolana ITA"]
[Date "1995.08.??"]
[Round "2"]
[White "Eynard, Valdo"]
[Black "Campini, Marco"]
[Result "1/2-1/2"]
[WhiteElo "1909"]
[BlackElo "2066"]
[PlyCount "100"]
[EventDate "1995.08.21"]

1.e4 c5 2.Nf3 d6 3.Bb5+ Nc6 4.O-O Bd7 5.Re1 e6 6.c3 Nge7 7.d4 cxd4 8.cxd4 
Ng6 9.Nc3 Be7 10.Be3 O-O 11.Qd2 a6 12.Bxc6 bxc6 13.d5 cxd5 14.exd5 e5 15.
Rac1 f5 16.Bg5 Bf6 17.Ne2 Rb8 18.b3 Rf7 19.Rc2 h6 20.Bxf6 Qxf6 21.Rec1 f4 
22.Rc7 e4 23.Ne1 Re8 24.Qd4 Qf5 25.Qa7 Ne5 26.Nd4 Qg5 27.Qxa6 f3 28.Ne6 
Qf6 29.Rxd7 Rxd7 30.Rc8 Qe7 31.Qa8 Kf7 32.a4 Rxc8 33.Qxc8 fxg2 34.Nxg2 
Nf3+ 35.Kh1 Qe8 36.Qc3 Kg8 37.Qe3 Qh5 38.Qf4 Qe5 39.Qxe5 Nxe5 40.Ne3 g6 
41.h4 Rb7 42.h5 Rxb3 43.hxg6 Nxg6 44.Nf5 Ra3 45.Nxh6+ Kh7 46.Nf5 Rxa4 47.
Nxd6 Ne5 48.Ng5+ Kg6 49.Ndxe4 Kf5 50.Kg2 Rxe4 1/2-1/2

[Event "XV Festival Conca della Presolana A"]
[Site "Bratto - Castione della Presolana ITA"]
[Date "1995.08.??"]
[Round "2"]
[White "Ferretti, Folco"]
[Black "Bancod, Ronald"]
[Result "1-0"]
[WhiteElo "2270"]
[BlackElo "2385"]
[PlyCount "59"]
[EventDate "1995.08.21"]

1.e4 c5 2.c3 d5 3.exd5 Qxd5 4.d4 Nc6 5.Nf3 Nf6 6.Be3 e6 7.Na3 cxd4 8.Nb5 
Qd8 9.Nbxd4 Bd7 10.Nxc6 bxc6 11.Bf4 Qb6 12.Qc2 Nd5 13.Bg3 f6 14.Bd3 g5 15.
Bxh7 O-O-O 16.Bd3 Nf4 17.O-O-O Nxg2 18.Qa4 Kb7 19.Nd2 Nf4 20.Nc4 Nxd3+ 21.
Rxd3 Qb5 22.Qd1 Kc8 23.Nd6+ Bxd6 24.Rxd6 f5 25.f4 e5 26.fxe5 f4 27.Bf2 
Qxe5 28.Bxa7 Bf5 29.Rxc6+ Kb7 30.Qa4 1-0

[Event "XV Festival Conca della Presolana A"]
[Site "Bratto - Castione della Presolana ITA"]
[Date "1995.08.??"]
[Round "2"]
[White "Giretti Kanev, Jasen"]
[Black "Menoni, Vincenzo"]
[Result "1/2-1/2"]
[WhiteElo "2063"]
[BlackElo "2250"]
[PlyCount "61"]
[EventDate "1995.08.21"]

1.Nf3 Nf6 2.c4 g6 3.Nc3 Bg7 4.d4 O-O 5.e4 d6 6.Be2 e5 7.dxe5 dxe5 8.Qxd8 
Rxd8 9.Bg5 c6 10.Nxe5 Re8 11.O-O-O Na6 12.Rd6 Nh5 13.Ng4 Nc5 14.Nh6+ Kf8 
15.f3 Ne6 16.h4 Be5 17.Rdd1 Nxg5 18.hxg5 Ng3 19.Rhe1 Bf4+ 20.Kc2 Bxg5 21.
Ng4 Bxg4 22.fxg4 Nxe4 23.Bf3 Nxc3 24.Kxc3 Rxe1 25.Rxe1 Rd8 26.Rd1 Rxd1 27.
Bxd1 Bf6+ 28.Kc2 Ke7 29.b4 Ke6 30.Kd3 Ke5 31.Bf3 1/2-1/2

[Event "XV Festival Conca della Presolana A"]
[Site "Bratto - Castione della Presolana ITA"]
[Date "1995.08.??"]
[Round "2"]
[White "Mazzotti, Carlo"]
[Black "Fabbri, Mario"]
[Result "0-1"]
[WhiteElo "1904"]
[BlackElo "2210"]
[PlyCount "94"]
[EventDate "1995.08.21"]

1.e4 e5 2.Nf3 Nc6 3.Bb5 Nf6 4.Bxc6 dxc6 5.O-O Bg4 6.h3 Bh5 7.d3 Nd7 8.Nbd2
Qe7 9.a4 O-O-O 10.Nc4 f6 11.Bd2 Nc5 12.b4 Ne6 13.b5 c5 14.Ne3 Nf4 15.Nf5 
Qd7 16.Ng3 Bf7 17.Ne2 g5 18.Nxf4 gxf4 19.Kh2 Be6 20.Qb1 Rg8 21.Rg1 Qf7 22.
Nh4 Qh5 23.Nf5 Bxf5 24.exf5 c4 25.Qa2 Bc5 26.Be1 cxd3 27.cxd3 Qxf5 28.Rc1 
Bd4 29.a5 Kb8 30.Qc4 Rg7 31.a6 Bb6 32.Qe4 Qxe4 33.dxe4 Rd4 34.f3 bxa6 35.
Bf2 axb5 36.Bxd4 Bxd4 37.Rgd1 c5 38.Rc2 a5 39.Rb1 b4 40.Ra2 Ra7 41.h4 Kc7 
42.Kh3 h5 43.g4 fxg3 44.Kxg3 Kb6 45.Kh3 Rg7 46.Rf1 b3 47.Ra4 Kb5 0-1

[Event "XV Festival Conca della Presolana A"]
[Site "Bratto - Castione della Presolana ITA"]
[Date "1995.08.??"]
[Round "2"]
[White "Nurkic, Sahbaz"]
[Black "Marchini, Massimo"]
[Result "1-0"]
[WhiteElo "2420"]
[BlackElo "2190"]
[PlyCount "63"]
[EventDate "1995.08.21"]

1.e4 g6 2.d4 Bg7 3.Nc3 d6 4.h3 Nf6 5.Nf3 O-O 6.Bg5 c6 7.a4 Qa5 8.Qd2 Nbd7 
9.Bd3 e5 10.O-O exd4 11.Nxd4 Re8 12.Rfe1 Nc5 13.Bf1 Ne6 14.Be3 Bd7 15.Nb3 
Qb4 16.f3 a5 17.Qf2 d5 18.Rad1 dxe4 19.fxe4 Qe7 20.Bc4 b5 21.axb5 cxb5 22.
Bd5 Rac8 23.e5 Nh5 24.g4 a4 25.Nd4 Bxe5 26.gxh5 Ng5 27.Bg2 Nxh3+ 28.Bxh3 
Bxh3 29.Nf3 Bg4 30.Nd5 Qb7 31.Nxe5 Bxd1 32.Nf6+ 1-0

[Event "XV Festival Conca della Presolana A"]
[Site "Bratto - Castione della Presolana ITA"]
[Date "1995.08.??"]
[Round "2"]
[White "Pagnoncelli, Marco"]
[Black "Bozzali, Ermanno"]
[Result "0-1"]
[WhiteElo "2165"]
[BlackElo "1947"]
[PlyCount "72"]
[EventDate "1995.08.21"]

1.e4 c5 2.Nf3 d6 3.d4 cxd4 4.Nxd4 Nf6 5.Nc3 a6 6.Bg5 e6 7.f4 b5 8.a3 Nbd7 
9.Qf3 Bb7 10.O-O-O Rc8 11.Bxf6 Nxf6 12.f5 e5 13.Nb3 Rxc3 14.Qxc3 Nxe4 15.
Qe3 Be7 16.Qa7 Qa8 17.Qxa8+ Bxa8 18.Re1 Bh4 19.Re2 O-O 20.Kb1 g6 21.fxg6 
fxg6 22.Re3 Nf2 23.Rg1 Ng4 24.Rc3 Bf2 25.Rh1 Ne3 26.Rc7 h5 27.c4 h4 28.h3 
Nxf1 29.Rxf1 Bxg2 30.Rd1 Bxh3 31.Rxd6 Bf5+ 32.Ka2 h3 33.Rd1 h2 34.cxb5 Bg1
35.Rcc1 h1=Q 36.Rxg1 Qb7 0-1

[Event "XV Festival Conca della Presolana A"]
[Site "Bratto - Castione della Presolana ITA"]
[Date "1995.08.??"]
[Round "2"]
[White "Piva, Giorgio"]
[Black "Bascetta, Biagio"]
[Result "1-0"]
[WhiteElo "2190"]
[BlackElo "1908"]
[PlyCount "47"]
[EventDate "1995.08.21"]

1.d4 Nf6 2.c4 e5 3.dxe5 Ng4 4.Bf4 Bb4+ 5.Nd2 Nc6 6.Nf3 Qe7 7.e3 Ngxe5 8.
Nxe5 Nxe5 9.Be2 a5 10.a3 Bxd2+ 11.Qxd2 O-O 12.O-O d6 13.b4 Bf5 14.c5 Rfd8 
15.cxd6 Rxd6 16.Qc3 f6 17.bxa5 Kh8 18.Qb4 c6 19.e4 Bg6 20.f3 Rd7 21.Be3 h6
22.Bc5 Qf7 23.Bb6 Qe6 24.f4 1-0

[Event "XV Festival Conca della Presolana A"]
[Site "Bratto - Castione della Presolana ITA"]
[Date "1995.08.??"]
[Round "2"]
[White "Sgnaolin, Davide"]
[Black "Fuggetta, Leonardo"]
[Result "1/2-1/2"]
[WhiteElo "1994"]
[BlackElo "2115"]
[PlyCount "40"]
[EventDate "1995.08.21"]

1.e4 g6 2.d4 Bg7 3.Nf3 d6 4.Nc3 Bg4 5.Be2 Nd7 6.O-O Ngf6 7.e5 dxe5 8.Nxe5 
Bxe2 9.Qxe2 O-O 10.Bg5 c6 11.Rad1 Nb6 12.Rfe1 Re8 13.Qf3 Qc7 14.Ne4 Nbd7 
15.Bf4 Nxe5 16.Bxe5 Qa5 17.Qb3 Nxe4 18.Rxe4 Qd5 19.Qxd5 cxd5 20.Re3 Rac8 
1/2-1/2

[Event "XV Festival Conca della Presolana A"]
[Site "Bratto - Castione della Presolana ITA"]
[Date "1995.08.??"]
[Round "2"]
[White "Soprano, Paolo"]
[Black "Gardi, Giuseppe"]
[Result "1/2-1/2"]
[WhiteElo "2049"]
[BlackElo "1902"]
[PlyCount "64"]
[EventDate "1995.08.21"]

1.Nf3 d5 2.d4 e6 3.c4 c6 4.Nc3 f5 5.e3 Nf6 6.Bd3 Bd6 7.O-O O-O 8.Qc2 Ne4 
9.Ne5 Qf6 10.f3 Nxc3 11.Qxc3 Nd7 12.f4 Qe7 13.Nxd7 Bxd7 14.c5 Bc7 15.Bd2 
b5 16.a4 a6 17.axb5 axb5 18.Ra3 Rfb8 19.b4 Bc8 20.Rfa1 Bb7 21.Ra7 Rxa7 22.
Rxa7 Qd8 23.Be1 Qc8 24.Bh4 Ra8 25.Qa1 Kf7 26.h3 Rxa7 27.Qxa7 Qa8 28.Qxa8 
Bxa8 29.g4 g6 30.Kg2 Bb7 31.Bg5 Bc8 32.Kg3 Bd7 1/2-1/2